Градовете в България - Statistics

General Stats
  • This quiz has been taken 1 109 times
  • The average score is 95 of 257
Answer Stats
Country % Correct
Бургас
92%
Варна
91%
София
88%
Асеновград
86%
Пловдив
86%
Велико Търново
85%
Видин
84%
Русе
83%
Ямбол
83%
Монтана
79%
Стара Загора
78%
Враца
77%
Габрово
77%
Плевен
77%
Хасково
77%
Благоевград
76%
Перник
75%
Силистра
75%
Добрич
74%
Шумен
74%
Карлово
72%
Сливен
72%
Ловеч
71%
Кюстендил
70%
Димитровград
69%
Нова Загора
69%
Пазарджик
69%
Разград
69%
Смолян
68%
Айтос
67%
Банско
67%
Кърджали
67%
Несебър
67%
Ахтопол
66%
Казанлък
66%
Лом
66%
Созопол
66%
Велинград
65%
Калофер
63%
Търговище
63%
Петрич
60%
Ботевград
59%
Бяла
59%
Сандански
59%
Горна Оряховица
58%
Троян
57%
Малко Търново
56%
Поморие
56%
Балчик
55%
Дупница
55%
Елена
55%
Приморско
55%
Царево
54%
Мелник
53%
Трявна
53%
Гоце Делчев
52%
Златоград
52%
Свищов
52%
Каварна
51%
Свиленград
51%
Ивайловград
50%
Ихтиман
49%
Панагюрище
49%
Самоков
49%
Сопот
49%
Чирпан
49%
Девин
48%
Елхово
48%
Банкя
47%
Белоградчик
47%
Китен
47%
Козлодуй
47%
Копривщица
47%
Харманли
47%
Тетевен
46%
Ябланица
46%
Хисаря
45%
Чепеларе
45%
Севлиево
44%
Шабла
44%
Котел
43%
Мездра
43%
Попово
43%
Трън
43%
Карнобат
42%
Разлог
42%
Левски
41%
Обзор
41%
Тутракан
41%
Баня
40%
Батак
40%
Елин Пелин
40%
Етрополе
39%
Исперих
39%
Костинброд
39%
Омуртаг
39%
Своге
39%
Момчилград
38%
Плиска
38%
Радомир
38%
Червен бряг
38%
Белене
37%
Крумовград
37%
Велики Преслав
36%
Долна Оряховица
36%
Павликени
36%
Симитли
36%
Якоруда
36%
Аксаково
35%
Девня
35%
Оряхово
35%
Провадия
35%
Бобов дол
34%
Дряново
34%
Кула
34%
Луковит
34%
Никопол
34%
Пещера
34%
Пирдоп
34%
Раковски
34%
Чипровци
34%
Ахелой
33%
Бяла Слатина
33%
Доспат
33%
Кубрат
33%
Първомай
33%
Шипка
33%
Берковица
32%
Лясковец
32%
Мадан
32%
Черноморец
32%
Априлци
31%
Годеч
31%
Златица
31%
Павел баня
31%
Тополовград
31%
Ардино
30%
Белово
30%
Искър
30%
Нови пазар
30%
Рудозем
30%
Симеоновград
30%
Сливница
30%
Долна Митрополия
29%
Каспичан
29%
Кнежа
29%
Сапарева баня
29%
Генерал Тошево
28%
Раднево
28%
Септември
28%
Тервел
28%
Вършец
27%
Долни Дъбник
27%
Нови Искър
27%
Правец
27%
Свети Влас
27%
Брацигово
26%
Брезник
26%
Добринище
26%
Костенец
26%
Рила
26%
Антоново
25%
Гълъбово
25%
Земен
25%
Кричим
25%
Перущица
25%
Угърчин
25%
Две могили
24%
Долна баня
24%
Драгоман
24%
Кресна
24%
Лъки
24%
Любимец
24%
Смядово
24%
Средец
24%
Стамболийски
24%
Сунгурларе
24%
Борово
22%
Гурково
22%
Дулово
22%
Клисура
22%
Неделино
22%
Полски Тръмбеш
22%
Твърдица
22%
Цар Калоян
22%
Алфатар
21%
Божурище
21%
Съединение
21%
Белица
20%
Бобошево
20%
Долни чифлик
20%
Садово
20%
Сърница
20%
Брезово
19%
Бяла черква
19%
Ветово
19%
Вълчи дол
19%
Дебелец
19%
Джебел
19%
Димово
19%
Мизия
19%
Ракитово
19%
Стражица
19%
Стрелча
19%
Белослав
18%
Болярово
18%
Брегово
18%
Бухово
18%
Ветрен
18%
Вълчедръм
18%
Камено
18%
Криводол
18%
Куклен
18%
Маджарово
18%
Мъглиж
18%
Николаево
18%
Опака
18%
Роман
18%
Стралджа
18%
Хаджидимово
18%
Бойчиновци
17%
Българово
17%
Златарица
17%
Килифарево
17%
Пордим
17%
Сухиндол
17%
Каблешково
16%
Койнаре
16%
Летница
16%
Шивачево
16%
Брусарци
15%
Дългопол
15%
Завет
15%
Крън
15%
Момин проход
15%
Върбица
14%
Грамада
14%
Дунавци
14%
Игнатиево
14%
Каолиново
14%
Кермен
14%
Лозница
14%
Мартен
14%
Сливо поле
14%
Суворово
14%
Кочериново
13%
Меричлери
13%
Славяново
13%
Гулянци
12%
Плачковци
12%
Тръстеник
12%
Батановци
11%
Сеново
11%
Главиница
10%
Глоджево
10%
Костандово
10%
No matching quizzes found
Score Distribution
Percent of People with Each Score
Percentile by Number Answered
Your Score History
You have not taken this quiz